000 00644nam a22002057a 4500
005 20150124120844.0
008 130814t sp||||| |||| 00| 0 spa d
020 _a9788498012248
050 0 4 _aNA682.P67
_bC38 2007
100 1 _aCattermole, Paul
245 1 0 _aArquitectura futurista
_c / Paul Cattermole ; traducción Ana Delgado Nares
250 _a1a ed.
260 _aBarcelona, España :
_bBlume,
_c2007
300 _a192 p. :
_bil. ;
_c28 cm.
500 _aTraducción de : Buildings for tomorrow
504 _aIncluye bibliografía
650 7 _2Lemb
_aArquitectura postmoderna
700 1 _aDelgado Nares, Ana
_etr.
942 _2lcc
_cLIB
999 _c5658
_d5658